Online
Catalog

El mal : (Record no. 4558)

MARC details
000 -CABECERA
campo de control de longitud fija 00965cam a2200277 a 4500
001 - NÚMERO DE CONTROL
campo de control 000004752
005 - FECHA Y HORA DE LA ÚLTIMA TRANSACCIÓN
campo de control 20200929151509.0
008 - DATOS DE LONGITUD FIJA--INFORMACIÓN GENERAL
campo de control de longitud fija 760818s1974 ag 000 f spa c
040 ## - FUENTE DE LA CATALOGACIÓN
Centro catalogador/agencia de origen DO-SdBNP
Lengua de catalogación spa
Centro/agencia transcriptor DLC
Centro/agencia modificador BNPHU
041 17 - CÓDIGO DE LENGUA
Código de lengua del texto/banda sonora o título independiente spa
Código de lengua original francés
Fuente del código código de idioma Marc
082 ## - NÚMERO DE LA CLASIFICACIÓN DECIMAL DEWEY
Número de clasificación 843.9
Número de documento/Ítem M454m, 1974
049 ## - FONDOS LOCALES (OCLC)
Fondos de biblioteca BNGR
100 1# - ENTRADA PRINCIPAL--NOMBRE DE PERSONA
Nombre de persona Mauriac, Francois,
Fechas asociadas al nombre 1885-1970.
9 (RLIN) 13808
240 10 - TÍTULO UNIFORME
Título uniforme Le mal
Lenguaje de la obra Español
245 13 - MENCIÓN DE TÍTULO
Título El mal :
Resto del título novela /
Mención de responsabilidad, etc. Francois Mauriac ; traducción de Elvira Riera de Camerlingo.
250 ## - MENCIÓN DE EDICIÓN
Mención de edición 2a ed.
260 ## - PUBLICACIÓN, DISTRIBUCIÓN, ETC.
Lugar de publicación, distribución, etc. Buenos Aires, Argentina :
Nombre del editor, distribuidor, etc. Editorial Losada,
Fecha de publicación, distribución, etc. 1974.
300 ## - DESCRIPCIÓN FÍSICA
Extensión 126 p. ;
Dimensiones 19 cm.
490 1# - MENCIÓN DE SERIE
Mención de serie Biblioteca clásica y contemporánea
Designación de volumen o secuencia 409
534 ## - NOTA SOBRE LA VERSIÓN ORIGINAL
Encabezamiento principal del original Título original
Mención de título del original Le mal
650 #4 - PUNTO DE ACCESO ADICIONAL DE MATERIA--TÉRMINO DE MATERIA
Término de materia o nombre geográfico como elemento de entrada Novela francesa
9 (RLIN) 1075
650 #4 - PUNTO DE ACCESO ADICIONAL DE MATERIA--TÉRMINO DE MATERIA
Término de materia o nombre geográfico como elemento de entrada Literatura francesa
9 (RLIN) 1074
700 1# - PUNTO DE ACCESO ADICIONAL--NOMBRE DE PERSONA
Nombre de persona Riera de Camerlingo, Elvira
Término indicativo de función/relación tr.
9 (RLIN) 13809
830 #0 - PUNTO DE ACCESO ADICIONAL DE SERIE-TÍTULO UNIFORME
Título uniforme Biblioteca clásica y contemporánea ;
Designación de volumen o secuencia 409
9 (RLIN) 13431
910 ## - DATOS DE OPCIÓN DEL USUARIO (OCLC)
Datos de opción del usuario Catalogación por copia / LC
Holdings
Estado de retiro Estado de pérdida Restricciones de uso No para préstamo Código de colección Localización permanente Ubicación/localización actual Ubicación en estantería Fecha de adquisición Número de inventario Total de préstamos Signatura topográfica completa Código de barras Fecha visto por última vez Precio válido a partir de Tipo de ítem Koha Número de copia
        Monografías: Libros y Folletos General General En catalogación 25.07.2009 LF1   843.9 M454m, 1974 4752-10 25.06.2020 25.06.2020 Préstamo en sala  
    Préstamo restringido Préstamo restrigido Monografías: Libros y Folletos General General En catalogación 25.07.2009 LF1   843.9 M454m, 1974 4752-20 25.06.2020 25.06.2020 Préstamo interno e.2

Powered by Koha